| 000 | 00900nam a2200289 a 4500 | ||
|---|---|---|---|
| 001 | BRCA_5147 | ||
| 005 | 20190320204947.0 | ||
| 008 | 221110s1951----sp-a######---#000-0#spa-# | ||
| 041 | _aspa | ||
| 044 | _asp | ||
| 050 | 4 |
_aNA5811 _b.M66 7 1951 |
|
| 100 | 1 |
_aMontoto de Sedas, Santiago _913155 |
|
| 245 | 1 | 0 |
_aLa Catedral y el Alcázar de Sevilla _cpor Santiago Montoto. |
| 250 | _a2 | ||
| 260 |
_aMadrid _bPlus-Ultra _c1951 |
||
| 300 |
_a156 p. _bil. _c22 cm. |
||
| 440 | 0 |
_aLos monumentos cardinales de España _v3 _913156 |
|
| 500 | _aVer también C24, E2, E3, E18, E19, E20, E21, E23, E24, E25, E26, E27 | ||
| 500 | _aE22 | ||
| 504 | _aBibliografía: p. 156 | ||
| 650 | 1 | 4 |
_aArquitectura religiosa _zEspaña _97863 |
| 650 | 1 | 4 |
_aCatedrales _zEspaña _913157 |
| 651 | 4 |
_aEspaña _xCatedral _zSevilla _913158 |
|
| 651 | 4 |
_aSevilla _xAlcázar _zEspaña _913159 |
|
| 902 | _aGFM | ||
| 942 |
_2lcc _cB |
||
| 999 |
_c4841 _d4841 |
||